000 00655nam a22001937a 4500
999 _c7939
_d7939
003 AR-CdUCM
008 190321b ||||| |||| 00| 0 spa d
040 _aMUNICIPALIDAD PROVINCIAL DEL CUSCO
_cBIBLIOTECA MUNICIPAL DEL CUSCO
082 _22ed.
_a782.1095 /
_bSU87
100 _aSuchen, Zhu
_922432
245 _aLas quince sartas de sapecas :
_bópera kunqu /
260 _aBeijing :
_bEdiciones en Lenguas Extranjeras,
_c1979.
300 _a75 páginas ;
_blaminas ;
_c19 cm.
650 _aOperas chinas
_922433
650 _aArgumentos, libretos, etc.
_922434
700 _aCarvajal, Herminia (traductora)
_922435
942 _2ddc
_cLIBROS
945 _azta